| 000 | 00856nam a22002417a 4500 | ||
|---|---|---|---|
| 999 |
_c7542 _d7542 |
||
| 003 | AR-CdUCM | ||
| 008 | 190320b ||||| |||| 00| 0 spa d | ||
| 040 |
_aMUNICIPALIDAD PROVINCIAL DEL CUSCO _cBIBLIOTECA MUNICIPAL DEL CUSCO |
||
| 041 | _heng | ||
| 082 |
_a691.08 / _bB84 |
||
| 100 |
_aBrophy, Fere H. _921284 |
||
| 245 | _aPropiedades termodinámicas / | ||
| 260 |
_aMexico, D. F : _bLimusa-wiley, _c1968. |
||
| 300 |
_a206 páginas ; _bIlustraciones, _c23 cm. |
||
| 500 | _aTitulo original: Thermodynamicof structure. | ||
| 505 | _aTermodinámica -- Equilibrio en sistemas multicomponentes -- Termodinámica de superficies -- Velocidad de las reacciones ... | ||
| 650 |
_aTermodinámica _919746 |
||
| 650 |
_aFluidos térmicos _921285 |
||
| 700 |
_aRose, Robert M. _920811 |
||
| 700 |
_aWulff, John _921286 |
||
| 942 |
_2ddc _cLIBROS |
||
| 945 | _aacv | ||